000 00465nam a2200133Ia 4500
008 190813s9999 xx 000 0 und d
020 _a9781138779839
100 _aWenzel, Amy.
245 _cAmy Wenzel.--
_aInnovations in cognitive behavioral therapy :
_bstrategic interventions for creative practice /
260 _aNew York :
_bRoutledge
_c2017
300 _a213 pages.
500 _aIncluded bibliographical references and index.
650 _aCognitive theraphy.
999 _c362049
_d362049